00500nam a2200145Ia 4500008004100000100001600041245006900057245007600126260003000202260000900232300001100241650001800252650001500270856006900285170221s9999 xx 000 0 und d aYunjian Jia 2aA New Method for Traffic Prediction in Emerging Mobile Networks  cYunjian Jia, Beili Wan, Liang Liang, Qian Zhao, Yu Zhang, and Liang Tan bJournal of Communications c2014 a34 : 1 xCommunication xMedia Arts uhttp://www.jocm.us/index.php?m=content&c=index&a=lists&catid=154